[Event "Tokyo City-ch"]
[Site "Tokyo"]
[Date "2019.03.23"]
[Round "2"]
[White "Koshiba, Leo"]
[Black "Otawa, Yuto"]
[Result "1-0"]
[WhiteElo "1810"]
[BlackElo "2151"]
[PlyCount "137"]
[EventDate "2019.03.23"]
[EventType "swiss"]
[EventRounds "6"]
[EventCountry "JPN"]
[SourceTitle "CBM 190 Extra"]
[Source "ChessBase"]
[SourceDate "2019.07.15"]
[SourceVersion "1"]
[SourceVersionDate "2019.07.15"]
[SourceQuality "1"]

1. e4 e6 2. d4 d5 3. Nd2 c5 4. exd5 exd5 5. Ngf3 Nf6 6. c4 Nc6 7. cxd5 Nxd5 8. Nb3 cxd4 9. Nbxd4 Bb4+ 10. Bd2 0-0 11. Nxc6 bxc6 12. Be2 Qf6 13. 0-0 Bf5 14. Bxb4 Nxb4 15. Qd4 Qe7 16. Bc4 Rad8 17. Qf4 Qe4 18. Qxe4 Bxe4 19. Rfd1 Nd5 20. Ne5 Rc8 21. Nxc6 Rxc6 22. Bxd5 Bxd5 23. Rxd5 Rfc8 24. Rad1 Kf8 25. Kf1 Rc1 26. Rxc1 Rxc1+ 27. Ke2 Ke7 28. Kf3 g6 29. Ra5 Rc7 30. Ra6 Rb7 31. b3 h5 32. Ke3 Kd7 33. Kd3 Kc7 34. Kc4 Kb8 35. a4 Rc7+ 36. Kd5 Kb7 37. Rf6 Rd7+ 38. Kc5 Kc7 39. b4 Re7 40. a5 Re5+ 41. Kd4 Re7 42. b5 Kb7 43. Kc5 Re5+ 44. Kc4 Re7 45. Kd5 Kc7 46. b6+ axb6 47. axb6+ Kb7 48. Kd6 Re2 49. Kd7 h4 50. h3 g5 51. Kd8 Re1 52. g3 g4 53. hxg4 hxg3 54. fxg3 Re3 55. Rxf7+ Kxb6 56. Rg7 Kc6 57. g5 Rxg3 58. Ke7 Kd5 59. Kf6 Rf3+ 60. Kg6 Ke6 61. Ra7 Rg3 62. Kh6 Rh3+ 63. Kg7 Rg3 64. g6 Rb3 65. Kh8 Rb8+ 66. Kh7 Rb3 67. Ra6+ Ke7 68. g7 Rh3+ 69. Rh6 1-0